000 00698nam a2200241Ia 4500
008 170203s9999 xx 000 0 und d
020 _a971569490x
050 _a333.7
050 _bSe443t 2005
245 _aThesaurus on Philippine environment /
245 _ccompiled by Romeo A. Sebastian ; edited by Ma. Rosario G. Wood and Milagros S. Serrana.
260 _aMakati City, Philippines :
260 _bBookmark, Inc.
260 _c2005
300 _a163 pages ;
300 _c23 cm.
650 _aSubject headings --
650 _aSubject headings --
650 _aSubject headings --
650 _xEcology.
650 _xEnvironmental sciences.
650 _xPhilippines.
999 _c305860
_d305860